| 000 | 01825nam a2200493 i 4500 | ||
|---|---|---|---|
| 001 | 28664 | ||
| 003 | KOSZ 005 | ||
| 005 | 20210531125445.0 | ||
| 008 | 971010s1988 pl a |001 0 pol | ||
| 015 | _aPB 1989/478 | ||
| 020 | _a8301060166 | ||
| 035 | _a991002511519705066 | ||
| 035 | _a(PL-WaBN)b10689801-48omnis_nlop | ||
| 035 | _ab10689801 | ||
| 035 | _a(OCoLC)69596362 | ||
| 035 | _a(PL)b0000001068980 | ||
| 035 | _a(EXLNZ-48OMNIS_NETWORK)9910188062305606 | ||
| 040 |
_aWA N _cWA N _dKOSZ 005/HR |
||
| 041 | 1 |
_apol _heng |
|
| 046 | _k1978 | ||
| 080 | _a528.9 | ||
| 100 | 1 |
_aRobinson, Arthur Howard _d(1915-2004) _eAutor |
|
| 245 | 1 | 0 |
_aPodstawy kartografii / _cArthur Robinson, Randall Sale, Joel Morrison ; red. nauk. przekładu [z ang.] Wiesław Ostrowski, [tł. Andrzej Ciołkosz et al.]. |
| 246 | 1 |
_iTyt. oryg.: _aElements of cartography, _f1978 |
|
| 260 |
_aWarszawa : _bPaństwowe Wydawnictwo Naukowe, _c1988. |
||
| 300 |
_a622, [2] s., [4] s. tabl. kolor. : _bfot., rys., wykr. ; _c25 cm. |
||
| 336 |
_2rdacontent _aTekst _btxt |
||
| 337 |
_2rdamedia _aBez urządzenia pośredniczącego _bn |
||
| 338 |
_2rdacarrier _aWolumin _bnc |
||
| 380 | _aKsiążki | ||
| 388 | _a1901-2000 | ||
| 388 | _a1945-1989 | ||
| 504 | _aBibliogr. przy rozdz. - Indeks. | ||
| 650 | 7 |
_aKartografia _2DBN |
|
| 658 | _aGeografia i nauki o Ziemi | ||
| 700 | 1 |
_aSale, Randall _eAutor |
|
| 700 | 1 |
_aMorrison, Joel _eAutor |
|
| 700 | 1 |
_aOstrowski, Wiesław _d(1944- ) _eTłumaczenie _eRedakcja |
|
| 700 | 1 |
_aCiołkosz, Andrzej _d(1939- ) _eTłumaczenie |
|
| 710 | 2 |
_aPaństwowe Wydawnictwo Naukowe _4pbl |
|
| 856 |
_uhttp://koha.tu.koszalin.pl/cgi-bin/koha/opac-detail.pl?biblionumber=28664 _yKatalog online BPK |
||
| 942 |
_2UKD _cKS |
||
| 999 |
_c28664 _d28664 |
||